Normal view
MARC view
Entry Personal Name
001 - CONTROL NUMBER
- control field: 167295
003 - CONTROL NUMBER IDENTIFIER
- control field: OSt
005 - DATE AND TIME OF LATEST TRANSACTION
- control field: 20220923223307.0
008 - FIXED-LENGTH DATA ELEMENTS
- fixed length control field: 220923|| aca||aabn | a|a d
040 ## - CATALOGING SOURCE
- Original cataloging agency: OSt
- Transcribing agency: OSt
100 ## - HEADING--PERSONAL NAME
- Personal name: तिवारी, भोलानाथ; गुप्त, जितेन्द्र
670 ## - SOURCE DATA FOUND
- Source citation: Work cat.: (OSt)363264: तिवारी, भोलानाथ; गुप्त, जितेन्द्र, पत्रकारिता में अनूुवाद की समस्याएं, 1999
